000 00479nam a2200181Ia 4500
005 20240823015330.0
008 240823s9999||||xx |||||||||||||| ||und||
041 _aENGLISH
082 _A620.1 N8
100 _aRamamrutham S
245 0 _aEngineering Mechanics and Strength of Materials
250 _a1st
260 _c1998
_bDhanpat Rai Publishing Company (P
500 _aYES
650 _aMaterials Science
_bAeronautical Engineering
942 _cBK
999 _c172179
_d172179